| 000 | 00841cab a22001935a 4500 | ||
|---|---|---|---|
| 001 | L148673 | ||
| 008 | 091019e20090729xxkd f s 000 0 eng d | ||
| 035 | _a(Sirsi) u148673 | ||
| 041 | 0 | _aeng | |
| 100 | 1 | _aStagg, James | |
| 245 | 0 | 0 |
_aCJ50 _bM25 drives sector |
| 260 | _c2009 | ||
| 490 | 0 |
_aContract Journal _v447 (6733) 29 July 2009, 10-11 (2) |
|
| 520 | _aMonthly league table of new work winners, divided geographically and by sector. Skanska is in the top position for June 2009 due to its contracts related to the M25. Balfour Beaty is at the top of the twelve-month total. Presnts evolution by diagrams by sector for the last twelve months and for June 2009. Shows diagram of total orders for the past 12 months. | ||
| 590 | _aKA | ||
| 651 | 4 |
_aUnited Kingdom _y |
|
| 690 | _aBUILT ENVIRONMENT-CONSTRUCTION MARKET | ||
| 942 | _n0 | ||
| 999 |
_c81929 _d81929 |
||